logo

Bir Sreshtho Munshi Abdur Rouf Library
Jhenaidah Cadet College

প্রকৃতি ও প্রাণসম্পদ / (Record no. 4042)

MARC details
000 -LEADER
fixed length control field 00670nam a2200229 a 4500
001 - CONTROL NUMBER
JCCL Control Number 4042
003 - CONTROL NUMBER IDENTIFIER
JCCL marc code BD-JhCC
005 - DATE AND TIME OF LATEST TRANSACTION
control field 20171125134455.0
008 - FIXED-LENGTH DATA ELEMENTS--GENERAL INFORMATION
fixed length control field 171122s2008 bg ||||| ||a| 001 0 ben d
020 ## - INTERNATIONAL STANDARD BOOK NUMBER
International Standard Book Number 9847015600426
035 ## - SYSTEM CONTROL NUMBER
system control number (BD-JhCC)4042
040 ## - CATALOGING SOURCE
Original cataloging agency BD-JhCC
Modifying agency BD-JhCC
041 ## - LANGUAGE CODE
Language code of Book ben
082 ## - DEWEY DECIMAL CLASSIFICATION NUMBER
Classification number 574.05
Author mark and Year HOS 2008
100 ## - MAIN ENTRY--PERSONAL NAME
Personal name হোসেন, মোকারম
245 ## - TITLE STATEMENT
Title প্রকৃতি ও প্রাণসম্পদ /
Statement of responsibility, etc মোকারম হোসেন
260 ## - PUBLICATION, DISTRIBUTION, ETC. (IMPRINT)
Place of publication, distribution, etc ঢাকা :
Name of publisher, distributor, etc মাওলা ব্রাদার্স,
Date of publication, distribution, etc 2008.
300 ## - PHYSICAL DESCRIPTION
Pagination 256 p. :
Dimensions 22 cm.
650 ## - SUBJECT ADDED ENTRY--TOPICAL TERM
Topical term or geographic name as entry element Biology
942 ## - ADDED ENTRY ELEMENTS (KOHA)
Source of classification or shelving scheme Dewey Decimal Classification
Koha item type Books
Holdings
Source of classification or shelving scheme Damaged status Not for loan Home library Current library Shelving location Date of accession Cost, normal purchase price Total Checkouts Full call number Barcode Date last seen Copy number Koha item type Source of acquisition
Dewey Decimal Classification     JCC Rouf Library JCC Rouf Library General Stacks 11/22/2017 300.00   574.05 HOS 2008 5771 11/22/2017 C- 1 Books  
Dewey Decimal Classification     JCC Rouf Library JCC Rouf Library General Stacks 11/25/2017 325.00   574.05 HOS 2008 5822 11/25/2017 C- 2 Books Zahedee Foundation

JCC Library | Contacts | JCC Home

Last Update on 23 September 2017
Copyright @ 2017-2020 JCC Rouf Library
Rouf Library, Jhenidah Cadet College (JCC), Bangladesh